| 000 | 02178nam a22003734i 4500 | ||
|---|---|---|---|
| 001 | 991061739673506706 | ||
| 003 | ES-BaIT | ||
| 005 | 20260413100348.0 | ||
| 008 | 260331s2024 sp a 6 000 j spa c | ||
| 017 |
_aDL M 2526-2024 _bOficina DL Madrid |
||
| 020 | _a9788410158382 | ||
| 040 |
_aES-BaIT _bcat _erda _cES-BaIT |
||
| 041 | 1 |
_aspa _hfre |
|
| 080 | _a793(09) | ||
| 100 | 1 |
_aCappelle, Laura _eautor _9169225 |
|
| 240 | 1 |
_aHistoire dessinée de la danse. _lCastellà _9169226 |
|
| 245 | 1 | 4 |
_aUna Historia ilustrada de la danza / _cLaura Cappelle ; Thomas Gilbert ; traducción de Julia C. Gómez Sáez |
| 264 | 1 |
_aMadrid : _bLiana Editorial, _c[2024] |
|
| 300 |
_a249 pàgines : _bil·lustracions en color ; _c28 cm |
||
| 336 |
_atext _btxt _2rdacontent |
||
| 336 |
_aimatge fixa _bsti _2rdacontent |
||
| 337 |
_asense mediació _bn _2rdamedia |
||
| 338 |
_avolum _bnc _2rdacarrier |
||
| 490 | 1 |
_aBromelia ; _v38 |
|
| 500 | _aTítol original: Une Histoire dessinée de la danse | ||
| 520 | _a "Andrea y Camille, protagonistas e hilos conductores de este cómic, viajan a través de las épocas para experimentar en su cuerpo la evolución del movimiento. Buscarán el trance en los ritos griegos de Dioniso, se ocultarán tras máscaras en la antigua Roma, participarán en los ballets de la corte francesa de Luis XIV. En un largo viaje rebosante de encuentros y anécdotas recorrerán lugares emblemáticos como la Ópera de París, los Teatros Imperiales Rusos o la escena neoyorkina de la segunda mitad del siglo xx. Vivirán el nacimiento del vals, del ballet romántico, de la danza contemporánea e incluso del hip hop, y acontecimientos que supusieron grandes cambios en el arte, desde la Revolución francesa a la Segunda Guerra Mundial, o la epidemia del SIDA. Siempre con la obsesión de expresarse plenamente a través de la danza, se cruzarán con ilustres" -- Contracoberta | ||
| 650 | 0 |
_aDansa _xHistòria _vCòmics _2lemac _9169228 |
|
| 700 | 1 |
_aGilbert, Thomas _eil·lustrador _9169229 |
|
| 700 | 1 |
_aGómez Sáez, Julia C. _etraductor _9162901 |
|
| 830 |
_aBromelia (Liana) _v38 _9169230 |
||
| 908 | _aCDMAE | ||
| 940 | _aCVA2 | ||
| 942 |
_2udc _c1 |
||
| 999 |
_c137359 _d137359 |
||